Du colonat en droit romain, des retraits en droit français (Record no. 166172)

MARC details
000 -LEADER
campo de control de longitud fija 00764nam a22001935i 4500
001 - NÚMERO DE CONTROL
campo de control 166172
003 - IDENTIFICADOR DE NÚMERO DE CONTROL
campo de control ES-MaACL
005 - FECHA Y HORA DE LA ÚLTIMA TRANSACCIÓN
campo de control 20250723061853.0
008 - DATOS DE LONGITUD FIJA--INFORMACIÓN GENERAL
campo de control de longitud fija 050908s1872 fr | |||||||| ||fre d
100 1# - ENTRADA PRINCIPAL--NOMBRE DE PERSONA
Nombre de persona Terrat, Barthélemy.
9 (RLIN) 133186
245 10 - MENCIÓN DEL TÍTULO
Título Du colonat en droit romain, des retraits en droit français
Resto del título : thèse pour le doctorat pésentée et soutenue le 19 juin 1872 /
Mención de responsabilidad, etc. par Barthélemy Terrat.
260 ## - PUBLICACIÓN, DISTRIBUCIÓN, ETC.
Lugar de publicación, distribución, etc. Versailles :
Nombre del editor, distribuidor, etc. Beau,
Fecha de publicación, distribución, etc. 1872.
300 ## - DESCRIPCIÓN FÍSICA
Extensión 286 p. ;
Dimensiones 24 cm.
594 ## - Nota al título y mención de responsabilidad
Nota al título y mención de responsabilidad Precede al tít.: Faculté de Droit de Paris.
650 07 - PUNTO DE ACCESO ADICIONAL DE MATERIA--TÉRMINO DE MATERIA
Término de materia o nombre geográfico como elemento de entrada Derecho romano
Fuente del encabezamiento o término embne
9 (RLIN) 11764
710 2# - ENTRADA AGREGADA--NOMBRE DE ENTIDAD CORPORATIVA
Nombre de entidad corporativa o nombre de jurisdicción como elemento de entrada Université de Paris.
Unidad subordinada Faculté de Droit.
9 (RLIN) 7484
852 ## - LOCALIZACIÓN
Ubicación ES-MaACL
Número de control de estantería G-11440
Nota libre - Enc. hol., conservando cub. original
Holdings
Estatus retirado Estado de pérdida Estado de daño No para préstamo Colección Biblioteca de origen Biblioteca actual Ubicación en estantería Fecha de adquisición Fuente de adquisición Total de préstamos Signatura topográfica completa Código de barras Visto por última vez Precio de reemplazo Tipo de ítem Koha
        Libros del s. XIX Biblioteca del Ateneo de Madrid Biblioteca del Ateneo de Madrid Sala Pecera Planta 3 17/01/2008     G-11440 1174271 23/02/2023 23/02/2023 Libro impreso antiguo